| 000 | 00463nam a2200193Ia 4500 | ||
|---|---|---|---|
| 008 | 210210b1954 xxu||||| |||| 00| 0 eng d | ||
| 041 | _aeng | ||
| 082 | _a940/184 | ||
| 100 | _aPERKINS (D) | ||
| 245 | _aAmerican approach to foreign policy | ||
| 260 |
_aCambridge _bHarvard University Press _c1954 |
||
| 650 | _ato | ||
| 650 | _apolicy | ||
| 650 | _aforeign | ||
| 650 | _aapproach | ||
| 650 | _aAmerican | ||
| 690 | _aEuropean History | ||
| 906 | _a025253 | ||
| 999 |
_c151103 _d151103 |
||